Normal view
MARC view
Entry Personal Name
001 - CONTROL NUMBER
- control field: 162642
003 - CONTROL NUMBER IDENTIFIER
- control field: OSt
005 - DATE AND TIME OF LATEST TRANSACTION
- control field: 20220923212618.0
008 - FIXED-LENGTH DATA ELEMENTS
- fixed length control field: 220923|| aca||aabn | a|a d
040 ## - CATALOGING SOURCE
- Original cataloging agency: OSt
- Transcribing agency: OSt
100 ## - HEADING--PERSONAL NAME
- Personal name: अज्ञेय, सच्चिदानन्द हरिानन्द वात्स्यायन
670 ## - SOURCE DATA FOUND
- Source citation: Work cat.: (OSt)310171: अज्ञेय, सच्चिदानन्द हरिानन्द वात्स्यायन, साहित्य और समाज परिवर्तन की प्रक्रिया, 1985
